000 00619nam a2200205Ia 4500
001 16986
003 GE_BSU
008 181216s||||||||xx |||||||||||||| ||und||
040 _cGE_BSU
080 _a821.353.1-1
100 _aბერულავა, ხუტა
245 _aლექსები, პოემები
245 _cრედ.რ.ორჯონიკიძე
260 _aთბილისი
260 _bსახელგამი
260 _c1954
300 _a202გვ. : 1ფ. პორტრ. ; 20სმ
653 _aლექსები, პოემები
942 _cBK
999 _c50048
_d50048